000
00265nam a22000977a 4500
008
221031b |||||||| |||| 00| 0 eng d
020
_a
9789391246198
100
_a
HARISUKH
_9
7600
245
_a
AI ARTIFICIAL INTELLIGENCE-10
260
_a
NEW DELHI
_b
ORANGE EDUCATION
_c
2022
999
_c
12106
_d
12106